History Quiz

Random History Quiz

Somerset and Northumberland Megaquiz Stats

 Plays Quiz not verified by Sporcle

Challenge
Share
Tweet
Embed
Score 0/44 Timer 10:00
0 Plays Today
Hint Answer % Correct
Which protest in 1549 over enclosures evolved into a rebellion in east anglia?Kett's Rebellion
70.8%
Who was the Lord protector of the new KingEdward Seymour
69.4%
Who crushed the east anglian rebellion?Warwick
68.8%
What language was the first book of common prayer written in that made it a big issue?English
67.3%
Which rebellion started in June 1549 in the south west of England?Western Rebellion
66.7%
Who succeeded Henry VIII?Edward VI
63.3%
Where did The lord protector Invade?Scotland
63.3%
Does the modern interpretation of the lord protector reconcile itself with the classical interpretation?No
62.5%
Which prominent noblewoman did his son Guildford marry?Lady Jane Grey
62.5%
What rebellion was triggered by the first book of common prayer and is mentioned prominently in the demands?Western Rebellion
61.2%
When was the First book of common prayer published?1549
57.1%
What title is commonly used to describe the lord protector in classical interpretations?The Good Duke
56.3%
What did the second book of common prayer tend closer towards the work of one of two famous reformed theologians?Zwingli
56.3%
Who was northumberland's main opponent after the collapse of the lord protector's regime?Southampton
54.2%
What city did northumberland following the peace treaty with france and scotland, but did it as a lease to avoid losing face?Bolougne
52.1%
What number did henry decree the size of the privy council was to be?16
50%
What city did France besiege?Bolougne
49%
What punishment did the 1547 Vagrancy Act punish vagrants with?Slavery
47.9%
Where was the largest concentration of the east anglian rebels?Norwich
47.9%
When did northumberland begin recoinage?1551
47.9%
What action made Northumberland very disliked?Succession
47.9%
Who was monarch in the country invaded at the time?Mary I
44.9%
Hint Answer % Correct
What did the lord protector repeal to do with religion?Heresy
44.9%
What was likely the underlying problem leading to much of the social problems of the time?Growing population
44.9%
What size did northumberland grow the privy council to be32
41.7%
Name a close member of the lord protector's personal councilPaget
40.8%
What was the marriage treaty that the lord protector tried to enforce through the invasion?Treaty of Greenwich
40.8%
When did France officially intervene in the war?August 1549
40.8%
What did the lord protector consolidate further in terms of religion?Iconoclasm
40.8%
What did the midlands commission of 1548 legislation involve?Illegal Enclosures
39.6%
Where were there riots but no formal rebellion in 1549?Southern England
39.6%
What lead to Northumberland winning the leadership struggle?Southhampton died
39.6%
How did The lord protector consolidate his position in the country he invaded?Forts
38.8%
What did the lord protector allow to enter to country in large numbers?Reformers
38.8%
What did the leader of the east anglian rebellion act as that made him an enemy of the state?Acted as a Judge
37.5%
Which trade league lost trade privileges to England in this time period?Hanseatic League
37.5%
When Did Henry VIII Die?28th January 1547
36.7%
How did the law change surrounding the eucharist and who it was given to in 1547?Laity
36.7%
When did Edward VI die?2nd July 1553
35.4%
What did the lord protector rule by?Proclamation
34.7%
The Chantry lands were dissolved at the beginning of the new king's reign, when was the act to dissolve them passed?1545
34.7%
When did the invasion the lord protector planned begin?August 1547
32.7%
When was the lord protector finally overthrown?October 1549
31.3%
When was the second book of common prayer instituted?November 1552
31.3%

You're not logged in!

Compare scores with friends on all Sporcle quizzes.
Join for Free
OR
Log In

You Might Also Like...

Show Comments

Extras

Created Apr 23, 2016ReportNominate
Tags:northumberland

Top Quizzes Today


Score Distribution

Your Account Isn't Verified!

In order to create a playlist on Sporcle, you need to verify the email address you used during registration. Go to your Sporcle Settings to finish the process.

Report this User

Report this user for behavior that violates our Community Guidelines.

Details: